| 000 | 00786nam a2200253 i 4500 | ||
|---|---|---|---|
| 001 | 109622 | ||
| 003 | ES-MaACL | ||
| 005 | 20231221153154.0 | ||
| 007 | t| | ||
| 008 | 061121s1981 sp |||| |dspa d | ||
| 020 | _a84-7178-347-9 | ||
| 080 | _a32 Mitterrand, François | ||
| 080 | _a32(44) | ||
| 100 | 1 |
_aMitterrand, François. _981718 |
|
| 245 | 1 | 0 |
_aAquí y ahora / _cFrançois Mitterrand ; prólogo de Felipe González ; [traducción, Enrique Sordo]. |
| 250 | _a2ª ed. | ||
| 260 |
_aBarcelona : _bArgos Vergara, _c1981. |
||
| 300 |
_a270 p. ; _c22 cm. |
||
| 651 | 4 |
_aFrancia- _xHistoria- _y1945- _9169593 |
|
| 700 | 1 |
_aGonzález Márquez, Felipe, _d1942- _958780 |
|
| 700 | 1 |
_aSordo, Enrique. _9107330 |
|
| 852 | 4 |
_aES-MaACL _jL-1410 |
|
| 999 |
_c109622 _d109622 |
||